LEADER 01014nam a2200205 i 4500 001 000000254086 003 CaOOAMICUS 005 20170508000000.0 008 170508s1822 it u000 u ita u 013 $a232991 026 $asio- m-n, i-za vele (7) 1822 (A) 040 $aSeMil$bita 245 10$aTomo 25. 300 $a236 p., [3] c. di tav. :$bill. calcogr. 490 0 $aCompendio della Storia universale antica e moderna ;$v55 773 0 $aCompagnoni, Giuseppe <1754-1833>$tStoria dell'America in continuazione del Compendio della Storia universale del sig. conte di Segur opera originale italiana. Tomo 1. [-28. ed ultimo].$dMilano : Presso la Societą tipografica de' classici italiani (Fusi, Stella e Compagni), 1820-1823.$g25$w()32917 830 0$aCompendio della Storia universale antica e moderna ;$v55.$0(OLS)http://semarc/title/401073 850 $aSeMil 852 $aSeMil$W1$xVenegono$y1$m3V I 55 FA$j204432$B204432$CSeMilBibl$Z2$F217824 $8I 996 $6245$aTomo 25$9(OLS)http://semarc/title/328105 LEADER 01676nam a2200301 4500 001 000000344243 003 CaOOAMICUS 005 20260323110454.0 008 210209s2021 it a 000 u ita r 040 $aSeMil$bita 100 1 $aGarzonio, Marco,$d<1939- >.$0(OLS)http://semarc/name/15988 245 13$aLa cittą che sale :$bMilano da Tangentopoli al post-Expo, passando per il Covid, in attesa delle Olimpiadi, nel ricordo di Carlo Maria Martini /$cMarco Garzonio ; prefazione di Giuliano Pisapia. 264 1$aCinisello Balsamo :$bSan Paolo,$c2021. 300 $a383 p., [8] carte di tav. :$bill. ;$c21 cm 490 1 $aAttualitą e storia ;$v213 500 $aIn mezzo al front.: in appendice piccolo dizionario delle virtł ambrosiane 541 0 $aOmaggio mons. Mario Delpini 650 4$aMilano - Attualitą.$0(OLS)http://semarc/subject/49974 650 4$aMilano - Cronaca - 1990-2020.$0(OLS)http://semarc/subject/49972 650 4$aCovid-19 - Milano.$0(OLS)http://semarc/subject/49833 700 1 $aPisapia, Giuliano,$c.$0(OLS)http://semarc/name/38284 850 $aSeMil 852 $aSeMil$W1$xVenegono$y1$m3O II 224$j224123$B235265$CSeMilBibl$Z2$F235265 $81 941 1 $a7 961 $aOmaggio mons. Mario Delpini. -- Con dedica autografa dell'autore (Marco Garzonio) a mons. Mario Delpini (20 gennaio 2021) 996 $6245$aLa cittą che sale :$bMilano da Tangentopoli al post-Expo, passando per il Covid, in attesa delle Olimpiadi, nel ricordo di Carlo Maria Martini$9(OLS)http://semarc/title/433322 996 $6264$aCinisello Balsamo :$bSan Paolo$9(OLS)http://semarc/publisher/30129